00633nam a2200145 i 450000100060000000300090000600500170001500700030003200800410003524502820007626000510035830000300040965000270043985200210046643734ES-MaACL20250901090458.0t|030318s1924 sp a |||| | spa d00aExposición general de la T.S.H. del cinema y de la electricidad en sus aplicaciones prácticas e industriales b: Palacio de Hielo 6-26 de diciembre de 1924 : catálogo / corganizada por el Banco Hispano-Suizo para industrias eléctricas bajo el patronato de S.M. El Rey. a[Madrid : bs.n.], c1924 (fTorrent y Cía.) a164 p. : bil. ; c20 cm. 7aRadioteléfono2embne aES-MaACLjF-4674